10-300 Quiz Stats

 Plays Quiz not verified by Sporcle

Also try: Laffy Taffy Jokes
Challenge
Share
Tweet
Embed
Score 0/300 Timer 05:00
0 Plays Today
% Correct
11
100%
12
100%
13
100%
23
100%
26
100%
32
100%
36
100%
37
100%
38
100%
39
100%
59
100%
77
100%
88
100%
89
100%
97
100%
81
66.7%
111
66.7%
66.7%
66.7%
66.7%
\
66.7%
66.7%
66.7%
66.7%
66.7%
66.7%
10
66.7%
14
66.7%
15
66.7%
16
66.7%
17
66.7%
18
66.7%
19
66.7%
20
66.7%
21
66.7%
22
66.7%
24
66.7%
25
66.7%
27
66.7%
28
66.7%
29
66.7%
30
66.7%
31
66.7%
33
66.7%
34
66.7%
35
66.7%
40
66.7%
41
66.7%
42
66.7%
43
66.7%
44
66.7%
45
66.7%
46
66.7%
47
66.7%
48
66.7%
49
66.7%
50
66.7%
51
66.7%
52
66.7%
53
66.7%
54
66.7%
55
66.7%
56
66.7%
57
66.7%
58
66.7%
60
66.7%
61
66.7%
62
66.7%
63
66.7%
64
66.7%
65
66.7%
66
66.7%
67
66.7%
68
66.7%
69
66.7%
70
66.7%
71
66.7%
72
66.7%
73
66.7%
74
66.7%
75
66.7%
76
66.7%
78
66.7%
79
66.7%
80
66.7%
82
66.7%
83
66.7%
84
66.7%
85
66.7%
86
66.7%
87
66.7%
90
66.7%
91
66.7%
92
66.7%
93
66.7%
94
66.7%
95
66.7%
96
66.7%
98
66.7%
99
66.7%
% Correct
101
66.7%
100
66.7%
102
66.7%
103
66.7%
104
66.7%
105
66.7%
106
66.7%
110
66.7%
112
66.7%
113
66.7%
114
66.7%
115
66.7%
116
66.7%
117
66.7%
118
66.7%
119
66.7%
123
66.7%
124
66.7%
125
66.7%
127
66.7%
126
66.7%
128
66.7%
129
66.7%
141
33.3%
151
33.3%
161
33.3%
171
33.3%
107
33.3%
108
33.3%
109
33.3%
120
33.3%
121
33.3%
122
33.3%
130
33.3%
131
33.3%
132
33.3%
133
33.3%
134
33.3%
135
33.3%
136
33.3%
137
33.3%
138
33.3%
139
33.3%
140
33.3%
142
33.3%
143
33.3%
144
33.3%
145
33.3%
146
33.3%
147
33.3%
148
33.3%
149
33.3%
150
33.3%
152
33.3%
153
33.3%
154
33.3%
155
33.3%
156
33.3%
157
33.3%
158
33.3%
159
33.3%
160
33.3%
162
33.3%
163
33.3%
164
33.3%
165
33.3%
166
33.3%
167
33.3%
168
33.3%
169
33.3%
170
33.3%
172
33.3%
173
33.3%
174
33.3%
175
33.3%
176
33.3%
177
33.3%
178
33.3%
179
33.3%
180
33.3%
181
33.3%
182
33.3%
183
33.3%
184
33.3%
185
33.3%
186
33.3%
187
33.3%
188
33.3%
189
33.3%
190
33.3%
191
33.3%
192
33.3%
193
33.3%
194
33.3%
195
33.3%
196
33.3%
197
33.3%
198
33.3%
199
33.3%
200
33.3%
% Correct
201
33.3%
202
33.3%
203
33.3%
204
33.3%
205
33.3%
206
33.3%
207
33.3%
208
33.3%
209
33.3%
210
33.3%
211
33.3%
212
33.3%
213
33.3%
214
33.3%
215
33.3%
216
33.3%
217
33.3%
218
33.3%
219
33.3%
220
33.3%
221
33.3%
222
33.3%
223
33.3%
224
33.3%
225
33.3%
226
33.3%
227
33.3%
228
33.3%
229
33.3%
230
33.3%
231
33.3%
232
33.3%
233
33.3%
234
33.3%
235
33.3%
236
33.3%
237
33.3%
238
33.3%
239
33.3%
240
33.3%
241
33.3%
242
33.3%
243
33.3%
244
33.3%
245
33.3%
246
33.3%
247
33.3%
248
33.3%
249
33.3%
250
33.3%
251
33.3%
252
33.3%
253
33.3%
254
33.3%
255
33.3%
256
33.3%
257
33.3%
258
33.3%
259
33.3%
260
33.3%
261
33.3%
262
33.3%
263
33.3%
264
33.3%
265
33.3%
266
33.3%
267
33.3%
268
33.3%
269
33.3%
270
33.3%
271
33.3%
272
33.3%
273
33.3%
274
33.3%
275
33.3%
276
33.3%
277
33.3%
278
33.3%
279
33.3%
280
33.3%
281
33.3%
282
33.3%
283
33.3%
284
33.3%
285
33.3%
286
33.3%
287
33.3%
288
33.3%
289
33.3%
290
33.3%
291
33.3%
292
33.3%
293
33.3%
294
33.3%
295
33.3%
296
33.3%
297
33.3%
298
33.3%
299
33.3%
300
33.3%

You're not logged in!

Compare scores with friends on all Sporcle quizzes.
OR
Log In

You Might Also Like...

Show Comments

Extras

Created Jul 7, 2012ReportNominate

Top Quizzes Today


Score Distribution

Your Account Isn't Verified!

In order to create a playlist on Sporcle, you need to verify the email address you used during registration. Go to your Sporcle Settings to finish the process.

Report this User

Report this user for behavior that violates our Community Guidelines.

Details: